कला और साहित्य कोश / (Record no. 120867)

MARC details
000 -LEADER
fixed length control field 01385nam a22002897a 4500
005 - DATE AND TIME OF LATEST TRANSACTION
control field 20170124103204.0
010 ## - LIBRARY OF CONGRESS CONTROL NUMBER
LC control number B-101107
020 ## - INTERNATIONAL STANDARD BOOK NUMBER
Terms of availability 550.00
International Standard Book Number 8174873368
035 ## - SYSTEM CONTROL NUMBER
System control number B-101107
037 ## - SOURCE OF ACQUISITION
Source of stock number/acquisition Cen Lib/Ret
040 ## - CATALOGING SOURCE
Original cataloging agency DPL
Language of cataloging HN
082 ## - DEWEY DECIMAL CLASSIFICATION NUMBER
Classification number 030.954
Item number कलाऔ
245 ## - TITLE STATEMENT
Title कला और साहित्य कोश /
Statement of responsibility, etc संपादक अमरनाथ कपूर, विश्व प्रकाश गुप्त [और] मोहिनी गुप्त
246 ## - VARYING FORM OF TITLE
Title proper/short title Kala aur sahitye kosh /
Remainder of title sampadak Amarnath Kapoor, Vishwa Prakash Gupta [aur] Mohini Gupta
260 ## - PUBLICATION, DISTRIBUTION, ETC. (IMPRINT)
Place of publication, distribution, etc नई दिल्ली
Name of publisher, distributor, etc राधा पब्लिकेशन्स
Date of publication, distribution, etc 2004
270 ## - ADDRESS
Address 4378/4बी, अंसारी रोड, दरियागंज
City नई दिल्ली
Postal code 110002
300 ## - PHYSICAL DESCRIPTION
Extent vii,386पृ.
Dimensions 21सेमी(सजिल्द)
490 ## - SERIES STATEMENT
Series statement भारतीय ज्ञान गंगा
Volume number/sequential designation 6
650 ## - SUBJECT ADDED ENTRY--TOPICAL TERM
Topical term or geographic name as entry element हिंदी साहित्य
9 (RLIN) 93066
650 ## - SUBJECT ADDED ENTRY--TOPICAL TERM
Topical term or geographic name as entry element कला--कोश
9 (RLIN) 3457
650 ## - SUBJECT ADDED ENTRY--TOPICAL TERM
Topical term or geographic name as entry element Hindi literature
9 (RLIN) 93067
650 ## - SUBJECT ADDED ENTRY--TOPICAL TERM
Topical term or geographic name as entry element Art--thesaurus
9 (RLIN) 93068
700 ## - ADDED ENTRY--PERSONAL NAME
Personal name कपूर, अमरनाथ
9 (RLIN) 93069
700 ## - ADDED ENTRY--PERSONAL NAME
Personal name गुप्त, विश्व प्रकाश
9 (RLIN) 43924
700 ## - ADDED ENTRY--PERSONAL NAME
Personal name गुप्त, मोहिनी
9 (RLIN) 93070
942 ## - ADDED ENTRY ELEMENTS (KOHA)
Source of classification or shelving scheme Dewey Decimal Classification
Koha item type Hindi Books
Classification part 030.954
Call number suffix कलाऔ
Holdings
Withdrawn status Lost status Damaged status Not for loan Home library Current library Date acquired Source of acquisition Cost, normal purchase price Total Checkouts Full call number Barcode Date last seen Date checked out Copy number Cost, replacement price Price effective from Koha item type Source of classification or shelving scheme
        Central Library Central Library 29/09/2015 Cen Lib/Ret 550.00 1 030.954 कलाऔ B-101107 10/03/2023 24/02/2023 1 550.00 29/09/2015 Hindi Books  
        Central Library Central Library 13/10/2016 Cen Lib/Ret 550.00   030.954 कलाऔ B-101108 13/10/2016   2 550.00 13/10/2016 Hindi Books Dewey Decimal Classification

© Delhi Public Library
Hit Counter
free hit counter